The Legal System of Bangladesh : (Record no. 1167)
[ view plain ]
| 000 -LEADER | |
|---|---|
| fixed length control field | 00777nam a2200241 a 4500 |
| 001 - CONTROL NUMBER | |
| control field | 12984 |
| 003 - CONTROL NUMBER IDENTIFIER | |
| control field | BD-DhUAP |
| 005 - DATE AND TIME OF LATEST TRANSACTION | |
| control field | 20210120122743.0 |
| 008 - FIXED-LENGTH DATA ELEMENTS--GENERAL INFORMATION | |
| fixed length control field | 200203m20092004bg a b 001 0 eng d |
| 020 ## - INTERNATIONAL STANDARD BOOK NUMBER | |
| International Standard Book Number | 984321148X |
| 040 ## - CATALOGING SOURCE | |
| Original cataloging agency | BD-DhUAP |
| Transcribing agency | BD-DhUAP |
| Modifying agency | BD-DhUAP |
| Language of cataloging | Eng |
| 082 00 - DEWEY DECIMAL CLASSIFICATION NUMBER | |
| Classification number | 347.5492 HAL |
| Edition number | 23 |
| 100 1# - MAIN ENTRY--PERSONAL NAME | |
| Personal name | Halim, Md. Abdul. |
| 245 10 - TITLE STATEMENT | |
| Title | The Legal System of Bangladesh : |
| Remainder of title | a comparative study of problems and procedure in legal institutions / |
| Statement of responsibility, etc. | Md. Abdul Halim. |
| 250 ## - EDITION STATEMENT | |
| Edition statement | 4th ed. |
| 260 ## - PUBLICATION, DISTRIBUTION, ETC. | |
| Place of publication, distribution, etc. | Dhaka : |
| Name of publisher, distributor, etc. | CCB Foundation, |
| Date of publication, distribution, etc. | c2009. |
| 300 ## - PHYSICAL DESCRIPTION | |
| Extent | 496 pages : |
| Other physical details | illustrations ; |
| Dimensions | 22 cm. |
| 504 ## - BIBLIOGRAPHY, ETC. NOTE | |
| Bibliography, etc. note | Includes bibliography and index. |
| 650 #0 - SUBJECT ADDED ENTRY--TOPICAL TERM | |
| Topical term or geographic name entry element | Constitutional Law. |
| 650 #0 - SUBJECT ADDED ENTRY--TOPICAL TERM | |
| Topical term or geographic name entry element | Law |
| Geographic subdivision | Bangladesh. |
| 942 ## - ADDED ENTRY ELEMENTS (KOHA) | |
| Source of classification or shelving scheme | |
| Koha item type | Book |
| Withdrawn status | Lost status | Source of classification or shelving scheme | Damaged status | Not for loan | Permanent Location | Current Location | Shelving location | Date acquired | Full call number | Barcode | Date last seen | Copy number | Price effective from | Koha item type | Total Checkouts | Date last checked out |
|---|---|---|---|---|---|---|---|---|---|---|---|---|---|---|---|---|
| UAP Central Library | UAP Central Library | General Stacks | 2020-02-03 | 347.5492 HAL | 3010012984 | 2020-02-03 | 1 | 2020-02-03 | Book | |||||||
| UAP Central Library | UAP Central Library | General Stacks | 2020-02-03 | 347.5492 HAL | 3010012991 | 2020-02-03 | 2 | 2020-02-03 | Book | |||||||
| UAP Central Library | UAP Central Library | General Stacks | 2020-02-03 | 347.5492 HAL | 3010012992 | 2020-02-03 | 3 | 2020-02-03 | Book | |||||||
| UAP Central Library | UAP Central Library | General Stacks | 2020-02-03 | 347.5492 HAL | 3010012758 | 2024-09-12 | 4 | 2020-02-03 | Book | 1 | 2024-09-05 | |||||
| UAP Central Library | UAP Central Library | General Stacks | 2020-02-03 | 347.5492 HAL | 3010012983 | 2020-02-03 | 5 | 2020-02-03 | Book | |||||||
| UAP Central Library | UAP Central Library | Reserve Stacks | 2020-02-03 | 347.5492 HAL | 3010014109 | 2021-01-20 | 6 | 2020-02-03 | Book | |||||||
| UAP Central Library | UAP Central Library | Reserve Stacks | 2020-02-03 | 347.5492 HAL | 3010012989 | 2021-01-20 | 7 | 2020-02-03 | Book | |||||||
| UAP Central Library | UAP Central Library | Reserve Stacks | 2020-02-03 | 347.5492 HAL | 3010012988 | 2021-01-20 | 8 | 2020-02-03 | Book | |||||||
| UAP Central Library | UAP Central Library | Reserve Stacks | 2020-02-03 | 347.5492 HAL | 3010012987 | 2021-01-20 | 9 | 2020-02-03 | Book | |||||||
| UAP Central Library | UAP Central Library | Reserve Stacks | 2020-02-03 | 347.5492 HAL | 3010012986 | 2021-01-20 | 10 | 2020-02-03 | Book | |||||||
| UAP Central Library | UAP Central Library | Reserve Stacks | 2020-02-03 | 347.5492 HAL | 3010012985 | 2021-01-20 | 11 | 2020-02-03 | Book | |||||||
| UAP Central Library | UAP Central Library | Reserve Stacks | 2020-02-03 | 347.5492 HAL | 3010014113 | 2021-01-20 | 12 | 2020-02-03 | Book | |||||||
| UAP Central Library | UAP Central Library | Reserve Stacks | 2020-02-03 | 347.5492 HAL | 3010014112 | 2021-01-20 | 13 | 2020-02-03 | Book | |||||||
| UAP Central Library | UAP Central Library | Reserve Stacks | 2020-02-03 | 347.5492 HAL | 3010014111 | 2021-01-20 | 14 | 2020-02-03 | Book | |||||||
| UAP Central Library | UAP Central Library | Reserve Stacks | 2020-02-03 | 347.5492 HAL | 3010014110 | 2021-01-20 | 15 | 2020-02-03 | Book |
Bengali Keyboard